000 01418cam a2200361 a 4500
001 2157913
003 EG-ScBUE
005 20241031083436.0
008 990507t2000 enka f b 001 0 eng d
020 _a0521061725
020 _a9780521061728
040 _aDLC
_beng
_erda
_cDLC
_dDLC
_dEG-ScBUE
082 0 4 _a519.282
_222
_bWOE
100 1 _aWoess, Wolfgang,
_d1954-
_eauthor.
_93994
245 1 0 _aRandom walks on infinite graphs and groups /
_cWolfgang Woess, University of Milan.
264 1 _aCambridge ;
_aNew York :
_bCambridge University Press,
_c[2000]
264 4 _cc2000
300 _axi, 334 pages :
_billustrations ;
_c24 cm.
336 _2rdacontent
_atext
_btxt
337 _aunmediated
_2rdamedia
_bn
338 _avolume
_bnc
_2rdacarrier
490 0 _aCambridge tracts in mathematics
504 _aIncludes bibliographical references and index.
650 7 _aRandom walks (Mathematics)
_2BUEsh
_93996
650 7 _aGraph theory.
_2BUEsh
_93997
650 7 _aInfinite groups.
_2BUEsh
_93998
655 _vReading book
856 4 2 _3Publisher description
_uhttp://www.loc.gov/catdir/description/cam0210/99030069.html
856 4 1 _3Table of contents
_uhttp://www.loc.gov/catdir/toc/cam027/99030069.html
942 _2ddc
_cBB
999 _c11369
_d11369